Normal view
MARC view
- SUPERVISOR ASST. PROF SAHEEB AHMED KIYANI
Entry Personal Name
001 - CONTROL NUMBER
- control field: 70613
003 - CONTROL NUMBER IDENTIFIER
- control field: NUST
005 - DATE AND TIME OF LATEST TRANSACTION
- control field: 20210628204527.0
008 - FIXED-LENGTH DATA ELEMENTS
- fixed length control field: 210628|| aca||aabn | a|a d
040 ## - CATALOGING SOURCE
- Original cataloging agency: NUST
- Transcribing agency: NUST
100 ## - HEADING--PERSONAL NAME
- Personal name: SUPERVISOR ASST. PROF SAHEEB AHMED KIYANI
670 ## - SOURCE DATA FOUND
- Source citation: Work cat.: (NUST): MUHAMMAD MOEEZ UR REHMAN MUHAMMAD KAMRAN SADIQ MUHAMMAD AADIL 70612, PR-SOF-1824-DESIGN AND FABRICATION OF SOLAR PANEL CLEANING MACHINE, 2019
